<?xml version="1.0" encoding="UTF-8"?>
<record
    xmlns:xsi="http://www.w3.org/2001/XMLSchema-instance"
    xsi:schemaLocation="http://www.loc.gov/MARC21/slim http://www.loc.gov/standards/marcxml/schema/MARC21slim.xsd"
    xmlns="http://www.loc.gov/MARC21/slim">

  <leader>02260nam a22003377a 4500</leader>
  <controlfield tag="005">20130717151525.0</controlfield>
  <controlfield tag="008">110908s2010    ck abdo r     000 0dspa d</controlfield>
  <datafield tag="020" ind1=" " ind2=" ">
    <subfield code="a">9789587163827</subfield>
  </datafield>
  <datafield tag="041" ind1="0" ind2=" ">
    <subfield code="a">spa</subfield>
  </datafield>
  <datafield tag="082" ind1="0" ind2="4">
    <subfield code="a">574.5</subfield>
    <subfield code="b">M29m</subfield>
  </datafield>
  <datafield tag="245" ind1="0" ind2="0">
    <subfield code="a">Manual para la restauraci&#xF3;n ecol&#xF3;gica de los ecosistemas disturbados del distrito capital</subfield>
    <subfield code="c">Jos&#xE9; Ignacio Barrera Cata&#xF1;o...[et al.]</subfield>
  </datafield>
  <datafield tag="250" ind1=" " ind2=" ">
    <subfield code="a">1a ed.</subfield>
  </datafield>
  <datafield tag="260" ind1=" " ind2=" ">
    <subfield code="a">Bogot&#xE1; :</subfield>
    <subfield code="b">Pontificia Universidad Javeriana</subfield>
    <subfield code="b">Secretar&#xED;a Distrital de Ambiente</subfield>
    <subfield code="c">2010.</subfield>
  </datafield>
  <datafield tag="300" ind1=" " ind2=" ">
    <subfield code="a">401 p.</subfield>
    <subfield code="b">ilustraciones, diagramas, fotos a color, mapas y tablas</subfield>
    <subfield code="c">28 cm.</subfield>
  </datafield>
  <datafield tag="504" ind1=" " ind2=" ">
    <subfield code="a">Incluye referencias bibliogr&#xE1;ficas (p. 367-392) y glosario.</subfield>
  </datafield>
  <datafield tag="505" ind1="0" ind2=" ">
    <subfield code="t">Conceptos b&#xE1;sicos para abordar la restauraci&#xF3;n ecol&#xF3;gica. --</subfield>
    <subfield code="t">Bogot&#xE1; Distrito Capital y sus ecosistemas. --</subfield>
    <subfield code="t">El papel del Estado y la sociedad civil en la gesti&#xF3;n ambiental y la restauraci&#xF3;n ecol&#xF3;gica de las &#xE1;reas degradadas del Distrito Capital. --</subfield>
    <subfield code="t">Fases para desarrollar un proyecto de restauraci&#xF3;n ecol&#xF3;gica. --</subfield>
    <subfield code="t">La investigaci&#xF3;n como soporte de la restauraci&#xF3;n ecol&#xF3;gica. --</subfield>
    <subfield code="t">Estrategias para la restauraci&#xF3;n ecol&#xF3;gica de &#xE1;reas disturbadas en el Distrito Capital. --</subfield>
    <subfield code="t">Algunas experiencias de restauraci&#xF3;n ecol&#xF3;gica en el Distrito Capital. --</subfield>
    <subfield code="t">Plantas para la restauraci&#xF3;n ecol&#xF3;gica.</subfield>
  </datafield>
  <datafield tag="590" ind1=" " ind2=" ">
    <subfield code="a">Ejemplares con dedicatoria y autografiados por el autor.</subfield>
  </datafield>
  <datafield tag="650" ind1="1" ind2="4">
    <subfield code="a">Restauraci&#xF3;n ecol&#xF3;gica</subfield>
    <subfield code="z">Bogot&#xE1; (Colombia)</subfield>
    <subfield code="9">576</subfield>
  </datafield>
  <datafield tag="650" ind1="2" ind2="4">
    <subfield code="a">Ecosistemas</subfield>
    <subfield code="z">Bogot&#xE1; (Colombia)</subfield>
    <subfield code="9">577</subfield>
  </datafield>
  <datafield tag="650" ind1="2" ind2="4">
    <subfield code="a">Ecolog&#xED;a aplicada</subfield>
    <subfield code="z">Bogot&#xE1; (Colombia)</subfield>
    <subfield code="9">578</subfield>
  </datafield>
  <datafield tag="650" ind1="2" ind2="4">
    <subfield code="a">Gesti&#xF3;n ambiental</subfield>
    <subfield code="z">Bogot&#xE1; (Colombia)</subfield>
    <subfield code="9">579</subfield>
  </datafield>
  <datafield tag="650" ind1="2" ind2="4">
    <subfield code="a">Pol&#xED;tica ambiental</subfield>
    <subfield code="z">Bogot&#xE1; (Colombia)</subfield>
    <subfield code="9">580</subfield>
  </datafield>
  <datafield tag="650" ind1="2" ind2="4">
    <subfield code="a">Protecci&#xF3;n del medio ambiente</subfield>
    <subfield code="z">Bogot&#xE1; (Colombia)</subfield>
    <subfield code="9">581</subfield>
  </datafield>
  <datafield tag="700" ind1="1" ind2=" ">
    <subfield code="a">Barrera Cata&#xF1;o, Jos&#xE9; Ignacio</subfield>
    <subfield code="9">582</subfield>
  </datafield>
  <datafield tag="700" ind1="1" ind2=" ">
    <subfield code="a">Contreras Rodr&#xED;guez, Sandra Milena</subfield>
    <subfield code="9">583</subfield>
  </datafield>
  <datafield tag="700" ind1="1" ind2=" ">
    <subfield code="a">Garz&#xF3;n Yepes, Natasha Valentina</subfield>
    <subfield code="9">584</subfield>
  </datafield>
  <datafield tag="700" ind1="1" ind2=" ">
    <subfield code="a">Moreno C&#xE1;rdenas, Ana Carolina</subfield>
    <subfield code="9">585</subfield>
  </datafield>
  <datafield tag="710" ind1="2" ind2=" ">
    <subfield code="a">Pontificia Universidad Javeriana</subfield>
    <subfield code="b">Facultad de Ciencias</subfield>
    <subfield code="b">Departamento de Biolog&#xED;a</subfield>
    <subfield code="b">Escuela de Restauraci&#xF3;n Ecol&#xF3;gica (ERE)</subfield>
    <subfield code="9">586</subfield>
  </datafield>
  <datafield tag="710" ind1="2" ind2=" ">
    <subfield code="a">Pontificia Universidad Javeriana</subfield>
    <subfield code="b">Facultad de Ciencias</subfield>
    <subfield code="b">Departamento de Biolog&#xED;a</subfield>
    <subfield code="b">Unidad de Ecolog&#xED;a y Sistem&#xE1;tica (UNESIS)</subfield>
    <subfield code="9">587</subfield>
  </datafield>
  <datafield tag="942" ind1=" " ind2=" ">
    <subfield code="2">ddc</subfield>
    <subfield code="c">IMPRESO</subfield>
  </datafield>
  <datafield tag="999" ind1=" " ind2=" ">
    <subfield code="c">7390</subfield>
    <subfield code="d">7390</subfield>
  </datafield>
  <datafield tag="952" ind1=" " ind2=" ">
    <subfield code="0">0</subfield>
    <subfield code="1">0</subfield>
    <subfield code="2">ddc</subfield>
    <subfield code="4">0</subfield>
    <subfield code="7">0</subfield>
    <subfield code="8">GENERAL</subfield>
    <subfield code="I">INV2017</subfield>
    <subfield code="a">Bogota</subfield>
    <subfield code="b">Bogota</subfield>
    <subfield code="d">2013-07-17</subfield>
    <subfield code="e">Instituto</subfield>
    <subfield code="g">39000.00</subfield>
    <subfield code="l">0</subfield>
    <subfield code="o">LB-574.5 M29m</subfield>
    <subfield code="p">028381</subfield>
    <subfield code="r">2013-07-17 00:00:00</subfield>
    <subfield code="t">Ej. 1</subfield>
    <subfield code="w">2013-07-17</subfield>
    <subfield code="x">Donaci&#xF3;n</subfield>
    <subfield code="y">LIBRO</subfield>
  </datafield>
  <datafield tag="952" ind1=" " ind2=" ">
    <subfield code="0">0</subfield>
    <subfield code="1">0</subfield>
    <subfield code="2">ddc</subfield>
    <subfield code="4">0</subfield>
    <subfield code="7">0</subfield>
    <subfield code="8">GENERAL</subfield>
    <subfield code="A">2010</subfield>
    <subfield code="I">INV2017</subfield>
    <subfield code="a">Venado</subfield>
    <subfield code="b">Venado</subfield>
    <subfield code="d">2015-04-24</subfield>
    <subfield code="e">Instituto</subfield>
    <subfield code="g">39000.00</subfield>
    <subfield code="l">0</subfield>
    <subfield code="o">LB-574.5 M29m</subfield>
    <subfield code="p">039020</subfield>
    <subfield code="r">2015-04-24 00:00:00</subfield>
    <subfield code="t">Ej. 2</subfield>
    <subfield code="w">2015-04-24</subfield>
    <subfield code="x">Donaci&#xF3;n</subfield>
    <subfield code="y">LIBRO</subfield>
  </datafield>
</record>
